[Event "New Game"]
[Site "http://www.queenalice.com/game.php?id=355354"]
[Date "2008.2.16"]
[Round "-"]
[White "josuejam"]
[Black "fsq"]
[Result "1-0"]
[WhiteElo "1714"]
[BlackElo "1188"]

1. d4 d5 2. c4 Nf6 3. cxd5 Qxd5 4. Nf3 Bg4 5. e3 e6 6. Be2 Ne4 7. Nc3 Qc6 8. Qc2
Bb4 9. Bd2 Na6 10. Bb5 Bxc3 11. Bxc6+ bxc6 12. bxc3 Bf5 13. O-O Ng3 14. Qa4 Ne2+
15. Kh1 Bd3 16. Qxc6+ Ke7 17. Rfe1 Rab8 18. Ne5 Rhd8 19. Nxd3 Rd6 20. Qa4 Nxc3
21. Bxc3 h5 22. Rab1 Rc8 23. Nb4 Nb8 24. Bb2 Ra6 25. Nxa6 Nxa6 26. Qxa6 Rd8 27.
Qxa7 Rd7 28. Rec1 c5 29. Qxc5+ Rd6 30. Ba3 Kd7 31. Qxd6+ Ke8 32. Rc8# 1-0

[Event "New Game"]
[Site "http://www.queenalice.com/game.php?id=355356"]
[Date "2008.2.16"]
[Round "-"]
[White "fsq"]
[Black "josuejam"]
[Result "0-1"]
[WhiteElo "1100"]
[BlackElo "1657"]

1. e4 e5 2. Bc4 Nf6 3. Qf3 Nc6 4. c3 Bc5 5. d3 h6 6. Ne2 O-O 7. Qg3 Kh8 8. b4
Bb6 9. Na3 d5 10. Bb5 dxe4 11. dxe4 Nxe4 12. Qf3 Nxf2 13. Be3 Nxh1 14. Bxb6 axb6
15. Nc4 Be6 16. Rd1 Qg5 17. Ng3 Nxg3 18. hxg3 Rxa2 19. Qd3 Rxg2 20. Ne3 Qxg3+
21. Kf1 Qf2# 0-1

[Event "Challenge"]
[Site "http://www.queenalice.com/game.php?id=356934"]
[Date "2008.2.19"]
[Round "-"]
[White "fsq"]
[Black "Chupaca"]
[Result "0-1"]
[WhiteElo "1100"]
[BlackElo "1530"]

1. e4 e5 2. Bc4 Nf6 3. Qf3 Nc6 4. c3 d6 5. h3 Na5 6. Na3 Nxc4 7. Nxc4 b6 8. d3
Bb7 9. Bg5 h6 10. Be3 Qd7 11. Ne2 O-O-O 12. O-O d5 13. Nxe5 Qe7 14. Ng4 dxe4 15.
Qf5+ Kb8 16. Bd4 Nh5 17. Rfe1 Rg8 18. Qxh5 Rd5 19. Ne5 Qg5 20. Qxf7 Rxd4 21.
cxd4 e3 22. Nc3 Qxg2# 0-1

[Event "Challenge"]
[Site "http://www.queenalice.com/game.php?id=357561"]
[Date "2008.2.20"]
[Round "-"]
[White "Alaune"]
[Black "fsq"]
[Result "1-0"]
[WhiteElo "1864"]
[BlackElo "1100"]

1. c4 e5 2. Nc3 Bc5 3. Nf3 Qf6 4. Nd5 Qd6 5. Ng5 Nh6 6. Ne4 Qc6 7. d3 O-O 8.
Nxc5 d6 9. Ne4 Re8 10. Bxh6 Nd7 11. Bd2 Nc5 12. Nxc5 Qxc5 13. Qa4 c6 14. Nc7 b5
15. cxb5 cxb5 16. Qa5 Bf5 17. Nxa8 Rxa8 18. g3 h6 19. Bg2 Rf8 20. Be3 Qc2 21.
Qxb5 Bg4 22. Bf3 Bh3 23. Rc1 Qxc1+ 24. Bxc1 Rc8 25. Be3 d5 26. Qxd5 Rc2 27. Qd8+
Kh7 28. Be4+ g6 29. Qh4 h5 30. Qxh5+ Kg7 31. Qh6+ Kf6 32. Qh8+ Ke7 33. Bg5+ Kd6
34. Qd8+ Bd7 35. Qb8+ Rc7 36. Be7+ Kxe7 37. Qxc7 f5 38. Qxe5+ Be6 39. Bd5 Kf7
40. Qxe6+ Kf8 41. Qf7# 1-0

[Event "Challenge"]
[Site "http://www.queenalice.com/game.php?id=357564"]
[Date "2008.2.20"]
[Round "-"]
[White "fsq"]
[Black "SGrillo"]
[Result "0-1"]
[WhiteElo "1188"]
[BlackElo "1672"]

1. e4 e5 2. Bc4 d6 3. Qh5 g6 4. Qf3 Qf6 5. d3 Qxf3 6. Nxf3 Nh6 7. O-O Nd7 8. Nc3
Nb6 9. Nb5 Kd8 10. Bg5+ Kd7 11. d4 Nxc4 12. dxe5 Nxe5 13. Nxe5+ dxe5 14. Rad1+
Kc6 15. Nc3 Be6 16. a3 Ng8 17. b4 Be7 18. b5+ Kb6 19. Be3+ Bc5 20. Na4+ Kxb5 21.
Nxc5 Bc4 22. Rb1+ Kc6 23. Rfd1 Nf6 24. f3 b6 25. Na4 Rad8 26. Re1 Nd7 27. Nc3
Nc5 28. Nd5 Bxd5 29. exd5+ Rxd5 30. c4 Rd3 31. Bf2 Rhd8 32. Bh4 Re8 33. Bf2 f6
34. Bxc5 Kxc5 35. Rec1 Red8 36. Rb5+ Kc6 37. Kf2 Rxa3 38. Ke2 Rd4 0-1

[Event "New Game"]
[Site "http://www.queenalice.com/game.php?id=357565"]
[Date "2008.2.20"]
[Round "-"]
[White "Malkmus"]
[Black "fsq"]
[Result "1-0"]
[WhiteElo "1799"]
[BlackElo "1100"]

1. e4 e5 2. d4 Nc6 3. d5 Nd4 4. Ne2 Bb4+ 5. Bd2 Qg5 6. c3 Qe7 7. cxb4 d6 8. Nxd4
exd4 9. g3 Nh6 10. Bd3 Qf6 11. O-O Bh3 12. Re1 Ng4 13. f3 Ne5 14. Bf4 Nxd3 15.
Qxd3 O-O 16. e5 dxe5 17. Bxe5 Qb6 18. Na3 Qxb4 19. Nc2 Rfe8 20. Nxb4 a5 21. Nc2
c5 22. dxc6 bxc6 23. Qxd4 c5 24. Qxc5 Rac8 25. Bc3 Be6 26. Qd4 h6 27. Qxg7# 1-0

[Event "Jogo de BRs"]
[Site "http://www.queenalice.com/game.php?id=359371"]
[Date "2008.2.23"]
[Round "-"]
[White "AmandaMello"]
[Black "fsq"]
[Result "1-0"]
[WhiteElo "1869"]
[BlackElo "1188"]

1. d4 d5 2. c4 dxc4 3. e4 Nf6 4. e5 Ne4 5. f3 Nc5 6. dxc5 Qxd1+ 7. Kxd1 Bf5 8.
Nc3 Nc6 9. Bxc4 O-O-O+ 10. Bd2 e6 11. f4 Bxc5 12. Nf3 Be3 13. Ke2 Bc5 14. Be3
Bb4 15. Nb5 Bd3+ 16. Bxd3 a6 17. Nbd4 Na5 18. Rhc1 c5 19. a3 Nb3 20. Nxb3 Ba5
21. Nxa5 1-0

[Event "jogo de BRs"]
[Site "http://www.queenalice.com/game.php?id=359379"]
[Date "2008.2.23"]
[Round "-"]
[White "fsq"]
[Black "JULIANE_BRASIL"]
[Result "1-0"]
[WhiteElo "1188"]
[BlackElo "2108"]

1. e4 c5 2. Bc4 e6 3. Qf3 Nc6 4. d3 Ne5 5. Qg3 Nxc4 6. dxc4 h6 7. Ne2 Nf6 8.
Nbc3 d5 9. cxd5 exd5 10. exd5 Nxd5 11. Nxd5 Qxd5 12. Nc3 Qe6+ 13. Be3 g6 14. O-O
Bd7 15. h3 Bd6 16. Bf4 Bxf4 17. Qxf4 O-O 18. Qxh6 Bc6 19. Rfe1 Qf5 20. Qh4 Rae8
21. Red1 Qxc2 22. Rab1 1-0

[Event "Desafio do milênio"]
[Site "http://www.queenalice.com/game.php?id=359385"]
[Date "2008.2.23"]
[Round "-"]
[White "Cerberus"]
[Black "fsq"]
[Result "1-0"]
[WhiteElo "2373"]
[BlackElo "1100"]

1. e4 e6 2. d3 d5 3. Nd2 d4 4. Ngf3 Nc6 5. g3 e5 6. Bg2 Bg4 7. O-O Qf6 8. h3 Bh5
9. c3 Bc5 10. Nb3 Bb6 11. g4 Bg6 12. cxd4 Bxd4 13. Nfxd4 exd4 14. f4 h6 15. e5
Qh4 16. Bd2 Bxd3 17. Be1 Qe7 18. Qxd3 O-O-O 19. Bxc6 bxc6 20. Qa6+ Kd7 21. Nxd4
Qc5 22. Bf2 Ne7 23. Rfd1 Ke8 24. Ne6 Rxd1+ 25. Rxd1 Qd5 26. Nxc7+ Kf8 27. Nxd5
Nxd5 28. Qc8+ Ke7 29. Bc5# 1-0

[Event "The Game"]
[Site "http://www.queenalice.com/game.php?id=369766"]
[Date "2008.3.12"]
[Round "-"]
[White "fsq"]
[Black "PAESLEME"]
[Result "0-1"]
[WhiteElo "1215"]
[BlackElo "1370"]

1. d4 d5 2. Bf4 Nc6 3. e3 Nf6 4. f3 Bf5 5. Bd3 e6 6. a3 Bd6 7. Ne2 O-O 8. Nbc3
Bxd3 9. Qxd3 Bxf4 10. Nxf4 e5 11. dxe5 Nxe5 12. Qe2 Re8 13. O-O-O c6 14. e4 g5
15. Nh3 b5 16. b4 h6 17. exd5 cxd5 18. Nxb5 a6 19. Nd4 Qc7 20. Nf5 Qc3 21. Nxh6+
Kh7 22. Nf5 Qxa3+ 23. Kb1 Qxb4+ 24. Kc1 Qa3+ 25. Kb1 Rab8+ 26. Qb5 Rxb5# 0-1

[Event "O Duelo"]
[Site "http://www.queenalice.com/game.php?id=370838"]
[Date "2008.3.14"]
[Round "-"]
[White "fsq"]
[Black "The_Hand_of_God"]
[Result "0-1"]
[WhiteElo "1210"]
[BlackElo "1952"]

1. e4 c5 2. Bc4 Nc6 3. Qh5 g6 4. Qxc5 e6 5. Qe3 Bg7 6. c3 Nge7 7. d4 O-O 8. Qh3
d5 9. exd5 exd5 10. Qd3 dxc4 11. Qxc4 Be6 12. Qb5 Bd5 13. Nf3 Bxf3 14. gxf3 Qc7
15. Be3 Rfe8 16. Nd2 a6 17. Qb3 Nf5 18. O-O-O Nxe3 19. fxe3 Rxe3 20. Nf1 Nxd4
21. Rxd4 Bxd4 22. Nxe3 Bxe3+ 23. Kc2 Rd8 24. Rd1 Qxh2+ 25. Kb1 Rxd1+ 26. Qxd1
Qf2 27. Qd8+ Kg7 28. b4 Qe1+ 29. Kb2 Qd2+ 30. Qxd2 Bxd2 31. Kc2 Bf4 32. Kd3 h5
33. a4 h4 34. b5 h3 0-1

[Event "Uma partida"]
[Site "http://www.queenalice.com/game.php?id=373472"]
[Date "2008.3.19"]
[Round "-"]
[White "fsq"]
[Black "llina"]
[Result "1-0"]
[WhiteElo "1100"]
[BlackElo "1465"]

1. d4 d5 2. Bf4 e6 3. a3 Bd6 4. Bxd6 Qxd6 5. e3 Nf6 6. Bd3 O-O 7. Nf3 c5 8. O-O
Ng4 9. h3 c4 10. Be2 Nh6 11. Ne5 f6 12. Ng4 Nxg4 13. Bxg4 f5 14. Bh5 f4 15. Nc3
fxe3 16. fxe3 Rf6 17. Rxf6 gxf6 18. Qg4+ Kh8 19. Rf1 f5 20. Qg5 e5 21. Bf7 Qg6
22. Bxg6 hxg6 23. Nxd5 e4 24. Qd8+ Kh7 25. Qh4+ Kg7 26. Qf6+ Kh6 27. Nf4 Nd7 28.
Qxg6# 1-0

[Event "jogo"]
[Site "http://www.queenalice.com/game.php?id=381937"]
[Date "2008.4.4"]
[Round "-"]
[White "fsq"]
[Black "Jane"]
[Result "0-1"]
[WhiteElo "1213"]
[BlackElo "1557"]

1. e4 e5 2. Bc4 Qf6 3. Nf3 Nc6 4. c3 Bc5 5. O-O d6 6. h3 Nh6 7. d3 Qg6 8. Nh4
Qf6 9. Qh5 Be6 10. Bg5 g6 11. Bxf6 gxh5 12. Bxh8 Bxc4 13. dxc4 O-O-O 14. Bf6 Rg8
15. Nd2 a6 16. b4 Ba7 17. a4 Nd8 18. b5 axb5 19. axb5 Kb8 20. Nb3 c6 21. bxc6
bxc6 22. Rab1 Kc7 23. Rfd1 Ne6 24. Be7 d5 25. cxd5 cxd5 26. exd5 Nf4 27. d6+ Kd7
28. Na5 Ne2+ 29. Kf1 Nxc3 0-1